Oracle designer : A template for developing an enterprise standars document
Gardado en:
| Autor Principal: | |
|---|---|
| Formato: | Libro |
| Idioma: | Undetermined |
| Publicado: |
New Jersey
Prentice Hall
2000
|
| Những chủ đề: | |
| Các nhãn: |
Engadir etiqueta
Sen Etiquetas, Sexa o primeiro en etiquetar este rexistro!
|
| Thư viện lưu trữ: | Trung tâm Học liệu Trường Đại học Cần Thơ |
|---|
| LEADER | 00662nam a2200217Ia 4500 | ||
|---|---|---|---|
| 001 | CTU_212841 | ||
| 008 | 210402s9999 xx 000 0 und d | ||
| 082 | |a 005.2 | ||
| 082 | |b K89 | ||
| 100 | |a Kramm, Mark A. | ||
| 245 | 0 | |a Oracle designer : | |
| 245 | 2 | |b A template for developing an enterprise standars document | |
| 245 | 0 | |c Mark A. Kramm, Kent Graziano | |
| 260 | |a New Jersey | ||
| 260 | |b Prentice Hall | ||
| 260 | |c 2000 | ||
| 650 | |a Designer,Application software | ||
| 650 | |x Development,Standards | ||
| 904 | |i Hiếu | ||
| 910 | |a Sách kèm theo đĩa có số: AV.001938 | ||
| 980 | |a Trung tâm Học liệu Trường Đại học Cần Thơ | ||